Morgan Wallen - Sand In My Boots Lyrics - Statistics

General Stats
  • This quiz has been taken 171 times
  • The average score is 210 of 286
Answer Stats
Lyrics % Correct
I
99%
My
96%
A
94%
Me
94%
She
94%
So
94%
To"
94%
To
94%
In
93%
Some
93%
Was
92%
Said
90%
You
90%
Never
89%
Silverado
87%
The
86%
By
85%
With
85%
I'm
84%
Asked
83%
Where
83%
From
82%
"Somewhere
82%
Been
81%
Like
81%
Now
81%
Of
81%
Potholes
81%
Dodgin'
80%
Dodgin
80%
Knoxville
80%
Outside
80%
Boots
79%
Sand
79%
Sunburnt
79%
We
79%
And
78%
Back
78%
Heart
78%
But
77%
Little
77%
Broke
76%
Town
76%
On
74%
That
74%
Trees
74%
Desperado
71%
Dogwood
71%
Beach
70%
Yeah
70%
Accent
69%
Kissed
69%
Red
69%
Talkin'
69%
Tennessee
69%
Right
68%
Eastern
66%
Way
66%
Her
65%
Roots
65%
Tried
65%
All
64%
Water
64%
Blue
63%
Somethin'
63%
Wings
63%
Brought
62%
Hands
61%
Held
61%
Bout
60%
Love
60%
Flip-flops
59%
Left
59%
Tells
59%
Into
58%
Headed
52%
Waded
52%
Dodging
50%
She'd
50%
Go
44%
Whiskey?"
44%
"Don't
43%
Drink
43%
See
43%
Bar
42%
Bottom
42%
Drank
42%
Stars
42%
Tequila"
42%
Cowboys
41%
"Lets
40%
Shelf
40%
Shoot
40%
Walked
39%
"Girl
38%
"Maybe
38%
Maybe
38%
Headin'
37%
Home"
36%
Seen
35%
For
34%
Told
34%
You've
33%
"Damn
32%
Should
32%
Sky
32%
Looks
31%
Myself"
31%
Ones
31%
Perfect"
28%
Em
24%
"Meet
24%
Crazy
23%
Mornin'"
20%
Up
19%
Show
18%
Thought
17%
Still
14%
Aw
9%
No matching quizzes found
Score Distribution
Percent of People with Each Score
Percentile by Number Answered
Your Score History
You have not taken this quiz